Statistics for Famous People Named Sarah

Click here to take the quiz!

General Stats

  • This quiz has been taken 49 times
  • The average score is 5 of 15

Answer Stats

ClueFamous Sarah% Correct
FergieSarah Ferguson
89%
Carrie BradshawSarah Jessica Parker
87%
McCain's running mateSarah Palin
78%
Buffy SummersSarah Michelle Gellar
74%
Darlene ConnerSarah Gilbert
39%
Trump's press secretarySarah Huckabee Sanders
33%
French stage actress with a "golden voice"Sarah Bernhardt
28%
"Sassy" jazz singer who worked with Earl Hines and Billy EckstineSarah Vaughn
28%
Jesus Is Magic comedianSarah Silverman
24%
She won't write you a love song 'cause you asked for itSara Bareilles
20%
Classical crossover sopranoSarah Brightman
17%
Dr. Callie TorresSara Ramirez
11%
This American Life editor and social commentatorSarah Vowell
7%
Ironing board inventorySarah Boone
2%
Lillith Fair founderSarah McLaughlan
0%

Score Distribution

Percentile by Number Answered

Percent of People with Each Score

Your Score History

You have not taken this quiz